000 00645nam a2200217 i 4500
001 C2-0141671
003 PPAK
005 20180727125343.0
008 980106s1977 vaua|||| ||||| | eng d
040 _aPPAK
_beng
_cPPAK
_erda
082 0 4 _a635
_223
090 0 0 _a635
_bCRA
_dR
100 1 _aCravens, Richard H.,
_eauthor
245 1 4 _aThe time-life encyclopedia of gardening :
_bpests and diseases
264 1 _aAlexandria, Virginia :
_bTime-Life Books ,
_c1977
300 _a160 pages :
_bcolour illustrations ;
_c28 cm
336 _2rdacontent
_atext
337 _2rdamedia
_aunmediated
338 _2rdacarrier
_avolume
942 _ddc
_cB
999 _c44282
_d44282